Chitra: poema lírico
Saved in:
| 主要作者: | |
|---|---|
| 格式: | 圖書 |
| 語言: | 西班牙语 |
| 出版: |
Madrid
Imprenta Fortanet
1919
|
| 主題: | |
| 標簽: |
添加標簽
沒有標簽, 成為第一個標記此記錄!
|
MARC
| LEADER | 00000nam a2200000 a 4500 | ||
|---|---|---|---|
| 001 | UCZ1732 | ||
| 003 | CL-VaPUC | ||
| 008 | 950831e19190000SP |||||||||||||||||spa|d | ||
| 082 | 0 | 4 | |a 891.402 |b TAG |2 21 |
| 100 | |a Tagore, Rabindranath, |d 1861-1941 |e autor |9 339509 | ||
| 245 | 1 | 0 | |a Chitra: poema lírico |
| 300 | |a 95 p | ||
| 942 | |c BK | ||
| 945 | |d 19950831 00:00:00 |a rbrito | ||
| 260 | |a Madrid |b Imprenta Fortanet |c 1919 | ||
| 650 | 7 | |a DRAMA HINDU |2 CL-VaPUC |9 318073 | |
| 583 | |a last modification |c 19950831 00:00:00 |k Rodrigo Vera | ||
| 999 | |c 238438 |d 238436 | ||
| 952 | |0 0 |1 0 |4 0 |6 891_402000000000000_TAG_1919 |7 0 |8 A |9 248613 |a BIBEDU |b BIBEDU |d 2019-11-18 |i 3106187 |o 891.402 TAG 1919 |p 3106187 |r 2019-11-18 |w 2019-11-18 |y BK |k LIT | ||